Manual de derecho civil: de las fuentes a las obligaciones

Saved in:
Bibliografiske detaljer
Hovedforfatter: Meza Barros, Ramón (autor)
Format: Bog
Sprog:spansk
Udgivet: Santiago Jurídica de Chile 2002
Udgivelse:9a. ed
Serier:Colección Manuales Jurídicos, 40
Fag:
Tags: Tilføj Tag
Ingen Tags, Vær først til at tagge denne postø!

MARC

LEADER 00000nam a2200000 a 4500
001 UCM2311
003 CL-VaPUC
008 020503e20020300CL |||||||||||||||||spa|d
082 0 4 |a 346.02  |b MEZ  |2 21 
100 |a Meza Barros, Ramón  |e autor  |9 764188 
245 1 0 |a Manual de derecho civil: de las fuentes a las obligaciones 
250 |a 9a. ed 
300 |a v 
942 |c BK 
945 |d 20020503 00:00:00  |a vberengu 
260 |a Santiago  |b Jurídica de Chile  |c 2002 
500 |a Edición actualizada por Pedro Pablo Vergara Varas, Profesor de la Cátedra de Derecho Civil, de la Universidad de Chile, con intervención del Profesor Pablo Rodríguez Grez 
650 0 |a Contratos reales  |9 258716 
650 7 |a COMODATO  |2 CL-VaPUC  |9 469063 
650 7 |a MUTUO  |2 CL-VaPUC  |9 397821 
650 0 |a Fianza  |9 384920 
650 0 |a Prenda  |9 254917 
650 0 |a Hipoteca  |9 255780 
650 7 |a CONTRATOS ALEATORIOS  |2 CL-VaPUC  |9 385865 
650 0 |a Delitos  |9 224143 
650 7 |a CUASIDELITOS  |2 CL-VaPUC  |9 377513 
650 0 |a Cuasicontratos  |9 385637 
583 |a last modification  |c 20020503 00:00:00  |k Rodrigo Vera 
490 0 |a Colección Manuales Jurídicos, 40 
999 |c 300220  |d 300218